000 00278nam a2200109Ia 4500
001 1272425
005 20260417151428.0
008 260417s9999 xx 000 0 und d
020 _a9786255888129
245 0 _aGökyüzü İsminde Bir At
_cRosanne Parry
260 _bKetebe Genç
999 _c1272425
_d1272425